| 000 | 03278cgm a2200673 i 4500 | ||
|---|---|---|---|
| 001 | 1264709130 | ||
| 003 | OCoLC | ||
| 005 | 20260121121313.0 | ||
| 007 | vd cvaizq | ||
| 008 | 210824t20212021cau672 vleng d | ||
| 024 | 1 | _a883929725342 | |
| 028 | 4 | 2 |
_a1000780612 _bWarner Bros |
| 035 | _a(OCoLC)1264709130 | ||
| 037 |
_bMidwest Tape _nhttp://www.midwesttapes.com |
||
| 040 |
_aTEFMT _beng _erda _cTEFMT _dOCLCO _dTEF _dOCLCO _dOCLCF _dIZ8 |
||
| 041 | 1 |
_aeng _heng |
|
| 050 | 4 |
_aPN1992.77 _b.S87 2021 |
|
| 082 | 0 | 4 |
_a791.45/75 _223 |
| 092 | _esupermand and lois | ||
| 099 | _aDVD SUP SEAS.1 | ||
| 130 | 0 |
_aSuperman and Lois (Television program). _nSeason 1. _96433025 |
|
| 245 | 1 | 0 | _aSuperman and Lois. The complete first season / |
| 246 | 3 |
_aSuperman and Lois. _nSeason one. |
|
| 246 | 3 |
_aSuperman and Lois. _n1st season. |
|
| 264 | 1 |
_aUniversal City, CA : _bStudio Distribution Services, Warner Bros. Entertainment ; executive producers, Greg Berlanti, Todd Helbing, Sarah Schechter, Geoff Johns. _c[2021] |
|
| 300 |
_a3 videodiscs (approximately 672 min.) : _bsound, color ; _c4 3/4 in. |
||
| 336 | _atwo-dimensional moving image | ||
| 337 | _avideo | ||
| 338 | _avideodisc | ||
| 500 | _aTitle from container. | ||
| 500 | _aOriginally broadcast as single episodes of a television program in 2021. | ||
| 500 | _aWide screen. | ||
| 500 | _aSpecial features: Superman : Alien spirit; Superman & Lois: Legacy of hope; Never alone : heroes and allies; DC FanDome panel: Superman & Lois. | ||
| 511 | 1 | _aTyler Hoechlin, Bitsie Tulloch, Jordan Elsass. | |
| 520 | _aAfter years of facing supervillains, monsters, and alien invaders intent on wiping out the human race, the world's most famous superhero and comic books' most famous journalists come face to face with one of their greatest challenges ever, dealing with all the stress, pressures and complexities that come with being working parents in today's society. | ||
| 521 | _aRating: Not rated. | ||
| 538 | _aDVD, region 1, wide screen ; Dolby digital 5.1. | ||
| 546 | _aSubtitled for the deaf and hard of hearing (SDH). | ||
| 600 | 0 | 0 |
_aSuperman _c(Fictitious character) _vDrama. _95709024 |
| 600 | 1 | 0 |
_aLane, Lois _c(Fictitious character) _vDrama. _96370967 |
| 655 | 7 |
_aDrama. _2fast |
|
| 655 | 7 |
_aSuperhero television programs. _2fast |
|
| 655 | 7 |
_aTelevision programs. _2fast |
|
| 655 | 7 |
_aVideo recordings for the hearing impaired. _2fast |
|
| 655 | 7 |
_aTelevision programs. _2lcgft. _96433026 |
|
| 655 | 7 |
_aSuperhero television programs. _2lcgft. _96433027 |
|
| 655 | 7 |
_aVideo recordings for the hearing impaired. _2lcgft. _96433028 |
|
| 700 | 1 |
_aBerlanti, Greg, _etelevision producer. _95759099 |
|
| 700 | 1 |
_aHelbing, Todd, _etelevision producer. _96243475 |
|
| 700 | 1 |
_aSchechter, Sarah, _etelevision producer. _96433029 |
|
| 700 | 1 |
_aJohns, Geoff, _d1973- _etelevision producer. _957576 |
|
| 700 | 1 |
_aHoechlin, Tyler, _d1987- _eactor. _95734874 |
|
| 700 | 1 |
_aTulloch, Bitsie, _d1981- _eactor. _96433030 |
|
| 700 | 1 |
_aElsass, Jordan, _eactor. _96433031 |
|
| 710 | 2 |
_aStudio Distribution Services, _epublisher. _96419677 |
|
| 710 | 2 |
_aWarner Bros. Entertainment, _eproduction company. _952548 |
|
| 907 | _a.b458605335 | ||
| 942 |
_2ddc _cDVD |
||
| 999 |
_c367325 _d367325 |
||